000
00286nam a22000977a 4500
008
240220b |||||||| |||| 00| 0 eng d
082
_a
DG
_b
VEGW
100
1
0
_a
de Luque Batuecas, Samuel
_e
autor
_9
43459
245
_a
Wigett:
_b
y el mundo de trotuman /
_c
Samuel de Luque Batuecas
942
_2
ddc
999
_c
30648
_d
17032